|
|
|
|
| LEADER |
00719nab a2200181 i 4500 |
| 001 |
publ20468 |
| 005 |
20210608204212.0 |
| 008 |
210222s2002 hu o 0|| zxx d |
| 022 |
|
|
|a 1417-8079
|
| 024 |
7 |
|
|a 1243002
|2 mtmt
|
| 040 |
|
|
|a SZTE Publicatio Repozitórium
|b hun
|
| 041 |
|
|
|a zxx
|
| 100 |
1 |
|
|a Varga Norbert
|
| 245 |
1 |
2 |
|a A köztörvényhatóság létrehozásának előzményei az 1870
|h [elektronikus dokumentum] :
|b XLII. tc. alapján Debrecen szabad királyi városban /
|c Varga Norbert
|
| 260 |
|
|
|c 2002
|
| 300 |
|
|
|a 59-63
|
| 490 |
0 |
|
|a COLLEGA: SZAKMAI FOLYÓIRAT JOGHALLGATÓK SZÁMÁRA
|v 6 No. 2
|
| 856 |
4 |
0 |
|u http://publicatio.bibl.u-szeged.hu/20468/1/Akoztorvenyhatosagletrehozasanakelozmenyeiaz.pdf
|z Dokumentum-elérés
|